Un perro llamado cual /
Guardado en:
| Autor Principal: | |
|---|---|
| Otros Autores: | , |
| Formato: | Libro |
| Idioma: | Undetermined |
| Publicado: |
Córdoba :
Comunic-Arte,
2014.
|
| Series: | Veinte Escalones ;
1 |
| Materias: | |
| Etiquetas: |
Agregar Etiqueta
Sin Etiquetas, Sea el primero en etiquetar este registro!
|
| LEADER | 00727nam a22002295a 4500 | ||
|---|---|---|---|
| 001 | CEM.cems019870 | ||
| 008 | 221123s2014####xx############000#0#und#d | ||
| 005 | 20221123100753.0 | ||
| 245 | 1 | 0 | |a Un perro llamado cual / |c Renato Peralta ; ilustrado por Mónica Weiss y Virginia Piñón. |
| 260 | |a Córdoba : |b Comunic-Arte, |c 2014. | ||
| 300 | |a 124 p. | ||
| 490 | 1 | |a Veinte Escalones ; |v 1 | |
| 020 | |a 9789876023092 | ||
| 100 | 1 | |a Peralta, Renato. | |
| 700 | 1 | |a Weiss, Mónica; il. | |
| 700 | 1 | |a Piñon, Virgina; il. | |
| 653 | |a Literatura | ||
| 653 | |a Literatura Argentina | ||
| 653 | |a Literatura Juvenil | ||
| 653 | |a Literatura Infantil | ||
| 653 | |a Novela | ||
| 859 | |a CEMS |b BIB. CEMS - Inicial y Primaria |h A863.4 |i P41 |k IP |p 5485 |t Ej.1 | ||
